Aubenhandel der UdSSR gestern heute morgen
Sparad:
| Huvudupphovsman: | |
|---|---|
| Materialtyp: | Bok |
| Språk: | Undetermined |
| Publicerad: |
Moskou
Verlag Presseagentur Nowosti
1940
|
| Ämnen: | |
| Taggar: |
Lägg till en tagg
Inga taggar, Lägg till första taggen!
|
| Thư viện lưu trữ: | Trung tâm Học liệu Trường Đại học Cần Thơ |
|---|
| LEADER | 00511nam a2200181Ia 4500 | ||
|---|---|---|---|
| 001 | CTU_84930 | ||
| 008 | 210402s9999 xx 000 0 und d | ||
| 082 | |a 330.9 | ||
| 082 | |b P312 | ||
| 100 | |a Nikolai Patolitschew | ||
| 245 | 0 | |a Aubenhandel der UdSSR gestern heute morgen | |
| 245 | 0 | |c Nikolai Patolitschew | |
| 260 | |a Moskou | ||
| 260 | |b Verlag Presseagentur Nowosti | ||
| 260 | |c 1940 | ||
| 650 | |a U.S.S.R. | ||
| 650 | |x economic development | ||
| 980 | |a Trung tâm Học liệu Trường Đại học Cần Thơ | ||